000 01562cam a22003611 4500
001 alberteinsteinhi00infe
003 CaSfIA
005 20210117182553.0
007 cr||||
008 730220s1950 nyu b 000 0beng
010 _a 50005314
040 _aDLC
_cDLC
_dITD
_dCHS
_dOCL
_dOCLCQ
_dBTCTA
_dOCLCG
_dCaSfIA
035 _a(OCoLC)996961
050 0 0 _aQC16.E5
_bI5
082 0 0 _a925.3
096 _aWZ 100 E35i 1950
100 1 _aInfeld, Leopold,
_d1898-1968.
245 1 0 _aAlbert Einstein, his work and its influence on our world.
_h[electronic resource]
260 _aNew York,
_bScribner,
_c1950.
300 _avi, 132 p. (Twentieth century library)
504 _aBibliography: p. 127.
600 1 0 _aEinstein, Albert,
_d1879-1955.
650 2 _aScience
_vBiography.
856 4 1 _uhttp://www.archive.org/details/alberteinsteinhi00infe
_zFree eBook from the Internet Archive
856 4 2 _uhttp://www.openlibrary.org/books/OL6067510M
_zAdditional information and access via Open Library
029 1 _aNZ1
_b5375634
029 1 _aAU@
_b000000633763
029 1 _aAU@
_b000027505704
999 _c466529
_d466529
942 _cEB
506 _fНеобхідна авторизація на https://archive.org/ (створення облікового запису безкоштовно)
506 _fНеобхідна авторизація на https://openlibrary.org/ (створення облікового запису безкоштовно)